| 000 | 00727nam a2200253 i 4500 | ||
|---|---|---|---|
| 001 | 9055 | ||
| 003 | ES-MaACL | ||
| 005 | 20250830052206.0 | ||
| 007 | t| | ||
| 008 | 930202s1992 sp ||||1| spa d | ||
| 020 | _a84-7658-350-8 | ||
| 080 | _a86-991.3"19" | ||
| 080 | _a86(Jiménez Lozano,J. 7 S.01) | ||
| 100 | 1 |
_aJiménez Lozano, José. _966552 |
|
| 245 | 1 | 0 |
_aSegundo abecedario / _cJosé Jiménez Lozano. |
| 250 | _a[1ª ed.]. | ||
| 260 |
_aBarcelona : _bAnthropos, _c1992. |
||
| 300 |
_a271 p. ; _c20 cm. |
||
| 490 | 1 |
_aAmbitos literarios. Ensayo ; _v43 |
|
| 830 | 0 | 0 |
_aÁmbitos literarios. _pEnsayo _v43 _9236239 |
| 852 |
_aES-MaACL _jL-11323 _bR.120713 |
||
| 942 | _2udc | ||
| 999 |
_c9055 _d9055 |
||